000 03752cam a22002537a 4500
003 MX-MxUPN
005 20240806063757.0
008 240620s2018 bl|a|||fr|||| 000 0 por d
020 _a9788547319588
040 _aMX-MxUPN
_bspa
041 0 _apor
050 4 _aLA541
_bS85 2018
245 0 0 _aSujeitos em movimento :
_binstituicoes, circulacao de saberes, práticas educativas e culturais
250 _a1a edicao
260 _aCuritiba :
_bAppris,
_c2018.
300 _a286 páginas :
_bilustraciones
505 0 0 _tEntre Escocia y Argentina : un proyecto educativo privado frente a la educación pública : St. Andrews's scotch school (1881-1930) /
_rAlina Silveira. --
_tCongregacao das irmas de Nossa Senhora da Inmaculda Conceicao de Castrés e sua atuacao em Mato Grosso (1904-1971) : fontes de pesquisa e escrita da historia /
_rGiuslane Francisca da Silva. --
_tEn nome de uma sagrada missao : a viagem de eva Yarwood millis da Inglaterra para o Brasil /
_rLoyde Anne Carreiro Silva Veras, Evelyn de Almeida Orlando. --
_tMemoria de um caravaneiro espírita /
_rAnaíse Cristina da Silva Nascimento, Ana Chrystina Mignot. --
_tViagens e experiencias : fragmentos de memórias de textos /
_rPaula Leonardi. --
_tUma viajante nordestina durante o século XIX : Nísia Floresta Brasileira Augusta /
_rElizabeth María da Silva. --
_tInstrucao por ela : mulher viajante no século XIX /
_rCatiana Fernandes de Oliveira. --
_tMulheres educadas no oitocentos : o "final feliz" das casadoiras e o "triste fim" das professoras /
_rMaria Celi Chaves Vasconcelos. --
_tNarrativas de viagem : professoras, escolas e caminhos rurais do México no século XX /
_rBlanca Susana Vega Martínez, Norma Ramos Escobar. --
_tA escrita teimosa e ressentida oitocentista : Francisco Adolfo de Varhagen na fronteira "sensível" entre história, memória e narrativa /
_rMarcela Irian Angélica Machado Marinho, Renilson Rosa Ribeiro. --
_tVentos de liberdade : os significados das viagens na trajetória de dois intelectuais negros /
_rAlexandra Lima da Silva, Amanda dos Santos Silva. --
_tItinerários de um intelectual viajante : Medeiros e Albuquerque em crónicas e memorias de viagens /
_rJacqueline de Albuquerque Varella. --
_tA viagem pedagógica de alves dos santos (1866-1924) : motivacoes, observacoes e incorporacoes /
_rHelder Enriques, Amelia de Jesús Marchao, Aline Martins de Almeida. --
_tMediadores culturais : a acao conectada de dois diretores de institutos de menores (Portugal - Brasil, 1889-1925) /
_rFernando Rodrigo dos Santos Silva. --
_tEntre vestigios e sinais : a construcao da historia do Instituto Pestalozzi - Campo Grande-Ms (1915-1930) /
_rElizabeth Figueiredo de Sá, Fernando Barros. --
_tO Instituto Internacional de Cinema Educativo : o cinematógrafo como intercámbio /
_rNaiana Lopes Pimentel. --
_tMemoria(s) y geografia(s) en la ciudad : relaciones teórica-conceptuales desde los abordajes de la geografía cultural y de las prácticas memoriales urbanas /
_rSilvina Fabri . --
_tA relacao entre viagem, educacao e identidade para Mário de Andrade /
_rRicardo Elia de Almeida Magalhaes. --
_tMinhas impressoes sobre o Egito : escritas de Antonieta de Souza nas páginas da revista do Conservatorio Brasileiro de Música /
_rEdnardo Monteiro Gonzaga do Monti. --
_t"Ele é um principe etíope" : a obra de Jorge Ben e o fluxo de ideais e influencias nos dois lados do Atlántico Negro /
_rAlexandre Reis.
650 4 _aEducación
_zBrasil
_xHistoria
_915031
650 4 _952819
_aEducación
_zAmérica Latina
_xHistoria
_ySiglo XIX
650 0 _952821
_aEducación
_zAmérica Latina
_xHistoria
_ySiglo XX
700 1 _952815
_aSilva, Alexandra Lima da
_eorganización
902 _aMarielOrtiz/200624
_bVíctorGodínez/050824
942 _2lcc
_cLIBRO
999 _c211408
_d211408